00891njm a22002537a 450000500170000000800410001701000140005802000260007203500130009803700150011104000180012608200130014410000280015724500820018526000320026730000480029950000540034750000740040150000390047560000510051465000270056565000240059270000210061620010828113042.0981110s1991 ii sgn tel  aENG-92424 a9788188661787c790.00 aEN-75957 bDBAD / PUB adplbEnglish  a782.0092 aSubrahmaniam, V. ,1934- aSemmangudi Srinivasa Iyer:blife & music /cby V. Subrahmaniam and Sriram V.  aNew Delhi bWestland c2008 avi, 142p.:bb&w photos c25cm (Hb) eCD ROM aIncludes glossary and bibliographical references  a"Copyright: Sri Semmangudi Srinivasa Iyer Golden Jubilee Foundation." a"Centenary commemoration."--Cover. aIyer, Semmangudi SrinivasaxSingerxBiography. aCarnatic musiczIndia. aVocal musiczIndia. aSriram V., 1966-